Investment management / (Record no. 38698)

MARC details
000 -LEADER
fixed length control field 00737nam a22002057a 4500
005 - DATE AND TIME OF LATEST TRANSACTION
control field 20100802144517.0
010 ## - LCCN (DPL NO)
LC control number ENG-97696
020 ## - INTERNATIONAL STANDARD BOOK NUMBER
International Standard Book Number 9788190951043
Terms of availability 100.00
035 ## - SYSTEM CONTROL NUMBER
System control number EN-81229
037 ## - SOURCE OF ACQUISITION
Source of stock number/acquisition DBAD/PUB
082 ## - DEWEY DECIMAL CLASSIFICATION NUMBER
Classification number 332.6
100 ## - MAIN ENTRY--PERSONAL NAME
Personal name Mythily, M.
245 ## - TITLE STATEMENT
Title Investment management /
Statement of responsibility, etc by M. Mythily
260 ## - PUBLICATION, DISTRIBUTION, ETC. (IMPRINT)
Place of publication, distribution, etc T.V.Malai Dist.
Name of publisher, distributor, etc Devi Publications
Date of publication, distribution, etc 2009
270 ## - ADDRESS
Address Bramin St, Villanellur Village, Mel Nemeli Post, Via-Vallam(Arni) Vandavasi Tk.
Postal code 604505
300 ## - PHYSICAL DESCRIPTION
Extent 91p.
Dimensions 21cm (pbk)
650 ## - SUBJECT ADDED ENTRY--TOPICAL TERM
Topical term or geographic name as entry element Investment
942 ## - ADDED ENTRY ELEMENTS (KOHA)
Source of classification or shelving scheme Dewey Decimal Classification
Item type English Books
Classification part 332.6
Call number suffix MYT
Holdings
Withdrawn status Lost status Not for loan Collection code Home library Current library Date acquired Source of acquisition Cost, normal purchase price Full call number Barcode Copy number Cost, replacement price Koha item type
    Not For Loan Non-fiction D.B.Act.Division D.B.Act.Division 02/08/2010 DBAD/PUB 100.00 332.6 MYT EN-81229 1 100.00 English Books

© Delhi Public Library
Hit Counter
free hit counter